Statystyki dla Państwa Według Granic w 60 Sekund

Kliknij tutaj aby rozwiązać quiz!

Ogólne statystyki

  • Ten quiz został rozwiązany 196 razy
  • Średni wynik to 105 z 157

Odpowiedzi na mapie

Odpowiedzi skodowane kolorowo w zielono-czerwonej skali na mapie do tego quizu, zgodnie z poniższymi procentami.
 

Statystyki odpowiedzi

Kraj% Poprawnych
Chiny
98%
Kazachstan
98%
Mongolia
98%
Rosja
98%
Białoruś
97%
Polska
97%
Ukraina
97%
Francja
96%
Kanada
96%
Korea Północna
96%
Litwa
96%
Meksyk
96%
Stany Zjednoczone
96%
Indie
95%
Mjanma
95%
Pakistan
95%
Bhutan
94%
Nepal
94%
Brazylia
93%
Finlandia
93%
Norwegia
93%
Niemcy
92%
Azerbejdżan
91%
Surinam
90%
Boliwia
89%
Peru
89%
Argentyna
88%
Gruzja
88%
Kolumbia
88%
Libia
88%
Urugwaj
88%
Irak
87%
Estonia
86%
Łotwa
86%
Paragwaj
86%
Wenezuela
85%
Czechy
84%
Turcja
84%
Gujana
83%
Niger
82%
Szwajcaria
82%
Afganistan
81%
Algieria
81%
Arabia Saudyjska
81%
Sudan
81%
Tanzania
81%
Czad
80%
Hiszpania
80%
Mali
80%
Maroko
80%
Republika
Środkowoafrykańska
80%
Sudan Południowy
80%
Zambia
80%
Demokratyczna
Republika Konga
79%
Iran
78%
Uganda
78%
Austria
77%
Mozambik
77%
Republika
Południowej Afryki
77%
Rwanda
77%
Zimbabwe
77%
Burundi
76%
Kongo
76%
Laos
75%
Angola
74%
Botswana
74%
Dania
74%
Eswatini
74%
Mauretania
74%
Oman
74%
Bułgaria
73%
Namibia
73%
Zjednoczone Emiraty
Arabskie
73%
Egipt
72%
Jemen
72%
Serbia
72%
Lesotho
71%
Węgry
71%
Armenia
70%
Burkina Faso
70%
Jordania
70%
Kamerun
70%
Rumunia
70%
Sri Lanka
70%
Wietnam
70%
Włochy
70%
Bangladesz
69%
Kuwejt
69%
Belgia
68%
Etiopia
68%
Holandia
68%
Nigeria
68%
Luksemburg
67%
Turkmenistan
65%
Słowenia
64%
Andora
63%
Kirgistan
63%
Wielka Brytania
63%
Chile
62%
Kenia
62%
Indonezja
61%
Tadżykistan
61%
Grecja
60%
Macedonia Północna
60%
Malezja
60%
Słowacja
60%
Portugalia
59%
Somalia
59%
Papua-Nowa Gwinea
58%
Katar
57%
Wybrzeże Kości
Słoniowej
57%
Chorwacja
55%
Gwinea
55%
Senegal
55%
Benin
54%
Erytrea
54%
Izrael
53%
Czarnogóra
52%
San Marino
52%
Syria
52%
Timor Wschodni
52%
Watykan
52%
Dżibuti
51%
Bośnia i Hercegowina
50%
Tunezja
48%
Szwecja
47%
Gabon
46%
Tajlandia
45%
Albania
43%
Honduras
43%
Kambodża
43%
Mołdawia
43%
Ekwador
42%
Kosowo
42%
Gwatemala
41%
Kostaryka
41%
Nikaragua
41%
Togo
40%
Ghana
39%
Irlandia
37%
Panama
35%
Salwador
34%
Uzbekistan
31%
Belize
30%
Gwinea Bissau
28%
Liberia
27%
Monako
27%
Dominikana
24%
Haiti
24%
Malawi
24%
Sierra Leone
24%
Gambia
23%
Liban
22%
Gwinea Równikowa
16%
Korea Południowa
14%
Brunei
12%
Liechtenstein
12%

Rozkład punktacji

Percentyl według liczby udzielonych odpowiedzi

Procent ludzi z każdym wynikiem

Twoja historia wyników

Nie rozwiązałeś tego quizu